000 00737nam a2200253 i 4500
001 C2-0242491
003 PPAK
005 20180727204455.0
008 021001s2001 my |||| ||||| | may d
020 _a9830993418
040 _aPPAK
_beng
_cPPAK
_erda
082 0 4 _a959.5121
_223
090 0 0 _a959.5121
_bABD
_dG
090 0 0 _a959.5121
_bABD
_dKMI
100 0 _aAbdullah al-Qari Hj. Salleh,
_d1937-
_eauthor
245 1 0 _aDetik-detik sejarah hidup Tok Kenali
264 1 _aKuala Lumpur :
_bAl-Hidayah Publisher ,
_c2001
300 _a252 pages ;
_c21 cm
336 _2rdacontent
_atext
337 _2rdamedia
_aunmediated
338 _2rdacarrier
_avolume
650 1 0 _aKelantan - History ; Caliphs - Biography.
942 _ddc
_cB
999 _c57238
_d57238